000 01154 a2200181 4500
003 Nust
005 20221220103707.0
040 _cNust
082 _a621.384,RAD
100 _aThe administrative radio conference
_9105293
245 _aRadio regulations additional radio regulations additional protocol :
_bresolutions and recommendations /
260 _aThe administrative radio conference
_bGeneva
_c1959
300 _a600 p
_billus
_c29 cm
505 _aTerminology (Page 1-1), Frequencies (Page 2-1), Notification and Registration of Frequencies. International Frequency Registration Board (Page 3-1), Measures Against Interference (Page 4-1), Administrative Provisions for Stations (Page 5-1), Personnel of Mobile Service Stations (Page 6-1), Working Condition in the Mobile Services (Page 7-1), Distress, Alarm, Urgency and Safety (Page 8-1), Radio telegrams and Radiotelephone Calls (Page 9-1), Miscellaneous Stations and Services (Page 10-1).
600 _aThe administrative radio conference
_9105293
650 _aRadio regulations additional radio regulations additional protocol resolutions and recommendations
_9105294
942 _2ddc
_cBK
999 _c183161
_d183161